[Event "38. MIEDZYNARODOWY MEMORIAL LUDWIKA ZAMENHOFA 2019 - OPEN A"]
[Site "Bialystok"]
[Date "1899-12-30"]
[Round "7.5"]
[White "Janik, Igor"]
[Black "Leniart, Arkadiusz"]
[Result "1-0"]
[WhiteTitle "IM"]
[BlackTitle "IM"]
[WhiteElo "2466"]
[BlackElo "2508"]

1. d4 Nf6 2. c4 e6 3. Nf3 d5 4. g3 dxc4 5. Bg2 Nc6 6. O-O Rb8 7. Be3 Nd5 8. Qc1
Nxe3 9. fxe3 g6 10. Qxc4 Bh6 11. Qd3 O-O 12. e4 Qe7 13. e3 Rd8 14. Nc3 Nb4 15.
Qe2 b6 16. Rfd1 Ba6 17. Qf2 c5 18. Kh1 Rbc8 19. Bf1 Bb7 20. a3 Nc6 21. Bg2 Na5
22. Rf1 Ba6 23. Rfe1 b5 24. e5 f5 25. exf6 Qxf6 26. Ne4 Qf7 27. Nxc5 e5 28. Qe2
exd4 29. exd4 Bb7 30. Nxb7 Qxb7 31. Rad1 Nc4 32. Ne5 Qb6 33. Nxc4 bxc4 34. d5
Bg7 35. Bh3 Rc5 36. Qe7 Qd6 37. Qxa7 Bxb2 38. Re7 Rxd5 39. Rde1 Re5 40. Rg7+ 1-0

[Event "38. MIEDZYNARODOWY MEMORIAL LUDWIKA ZAMENHOFA 2019 - OPEN A"]
[Site "Bialystok"]
[Date "1899-12-30"]
[Round "7.6"]
[White "Godzwon, Iwo"]
[Black "Cukrowski, Filip"]
[Result "1/2-1/2"]
[WhiteTitle "FM"]
[BlackTitle "FM"]
[WhiteElo "2275"]
[BlackElo "2419"]

1. c4 Nf6 2. Nc3 c5 3. g3 Nc6 4. Bg2 e6 5. Nf3 d5 6. cxd5 exd5 7. d4 Be7 8. O-O
O-O 9. dxc5 d4 10. Na4 Bf5 11. b3 Ne4 12. Bb2 Bf6 13. Rc1 Re8 14. Re1 Qd7 15.
e3 Bg4 16. h3 dxe3 17. Rxe3 Bxh3 18. Qxd7 Bxd7 19. Bxf6 Nxf6 20. Rxe8+ Rxe8 21.
Nc3 Kf8 22. Kf1 Bf5 23. Rd1 Ne4 24. Nxe4 Bxe4 1/2-1/2

[Event "38. MIEDZYNARODOWY MEMORIAL LUDWIKA ZAMENHOFA 2019 - OPEN A"]
[Site "Bialystok"]
[Date "1899-12-30"]
[Round "7.7"]
[White "Sieciechowicz, Marcin"]
[Black "Tihonov, Jurij"]
[Result "1/2-1/2"]
[WhiteTitle "IM"]
[BlackTitle "GM"]
[WhiteElo "2366"]
[BlackElo "2394"]

1. d4 d5 2. c4 dxc4 3. e4 b5 4. a4 c6 5. axb5 cxb5 6. Nc3 a6 7. Nxb5 axb5 8. Rxa8
Bb7 9. Ra1 e6 10. Nf3 Nf6 11. Be2 Nxe4 12. O-O Nc6 13. Be3 Na5 14. d5 Bxd5 15.
Nd4 Be7 16. Bf3 O-O 17. Qc2 Nc5 18. Bxd5 exd5 19. Nxb5 Nab3 20. Rad1 Bf6 21. Nd4
Bxd4 22. Bxd4 Ne6 23. Be3 Qa8 24. Qc3 1/2-1/2

[Event "38. MIEDZYNARODOWY MEMORIAL LUDWIKA ZAMENHOFA 2019 - OPEN A"]
[Site "Bialystok"]
[Date "1899-12-30"]
[Round "7.8"]
[White "Jakubowski, Krzysztof"]
[Black "Salna, Aleksandras"]
[Result "1-0"]
[WhiteTitle "GM"]
[BlackTitle "k"]
[WhiteElo "2503"]
[BlackElo "2020"]

1. Nf3 d5 2. g3 Nf6 3. Bg2 c6 4. O-O Bf5 5. d3 e6 6. Nbd2 h6 7. b3 Be7 8. Bb2 O-O
9. e3 a5 10. a3 Nbd7 11. Qe2 Bh7 12. h3 Qb6 13. e4 dxe4 14. dxe4 Rfd8 15. Rfd1
Nc5 16. Ne5 Nfd7 17. a4 Bf6 18. Nec4 Qa6 19. Bxf6 Nxf6 20. Qe3 Ncd7 21. f3 b6
22. Nd6 Qa7 23. N2c4 Ne8 24. Nxe8 Rxe8 25. Rd6 Qc7 26. Rad1 Nc5 27. Kh2 e5 28.
h4 Bg6 29. Bh3 Re7 30. Qd2 f6 31. Rd8+ Re8 32. Rxa8 Rxa8 33. Qd6 Qb7 34. Nxe5
Bxe4 35. Be6+ Kh7 36. fxe4 Nxe6 37. Qxc6 Qxc6 38. Nxc6 Rc8 39. Rd6 Nc5 40. Nd4
Nxe4 41. Re6 Nd2 42. Rxb6 Nf1+ 43. Kg2 Ne3+ 44. Kf2 Ng4+ 45. Ke2 Rc3 46. Rb5 Rxg3
47. Rxa5 Ne5 48. Ra7 Rg4 49. c3 Rg2+ 50. Ke3 Rg3+ 51. Kd2 Rg2+ 52. Kc1 f5 53.
Nxf5 Nd3+ 54. Kd1 Nb2+ 55. Kc1 Nd3+ 56. Kb1 Rb2+ 57. Ka1 Kg6 58. Nd4 Rd2 59. a5
Nc5 60. b4 Na4 61. Rc7 Rd3 62. a6 Nxc3 63. a7 Na4 64. Ka2 Rd2+ 65. Ka3 1-0

[Event "38. MIEDZYNARODOWY MEMORIAL LUDWIKA ZAMENHOFA 2019 - OPEN A"]
[Site "Bialystok"]
[Date "1899-12-30"]
[Round "7.9"]
[White "Reza, Wojciech"]
[Black "Kirilin, Dmitrij"]
[Result "1/2-1/2"]
[WhiteTitle "FM"]
[BlackTitle "k"]
[WhiteElo "2308"]
[BlackElo "2015"]

1. Nf3 Nf6 2. c4 c5 3. Nc3 e6 4. d4 cxd4 5. Nxd4 d6 6. e4 a6 7. Be2 Be7 8. O-O
O-O 9. Be3 Qc7 10. f3 b6 11. Rc1 Bb7 12. Qe1 Nbd7 13. Qg3 Rac8 14. Nd5 Qd8 15.
Nxe7+ Qxe7 16. Bf4 Ne8 17. Rfd1 Kh8 18. Nb3 e5 19. Bg5 f6 20. Be3 Nc5 21. Nd2
a5 22. Nb1 g6 23. Nc3 f5 24. Bg5 Qg7 25. Qh4 Ne6 26. Bh6 Qf6 27. Qxf6+ Rxf6 28.
exf5 gxf5 29. Be3 Nc5 30. Rd2 f4 31. Bf2 Ng7 32. Rcd1 Nf5 33. Nb5 Rd8 34. Bd3
Nxd3 35. Rxd3 Rg6 36. Bxb6 Rdg8 37. R1d2 Nh4 38. Kf1 Rxg2 39. Rxg2 Rxg2 40. Nxd6
Rxb2 41. Nxb7 Rxb6 42. Rb3 Rxb3 43. axb3 Nxf3 44. Nxa5 Kg7 45. b4 Kf6 46. b5 Ke6
47. b6 Kd7 48. Ke2 e4 49. c5 Nd4+ 50. Ke1 e3 51. Nc4 Kc6 52. Ne5+ Kb7 53. Nc4
Kc6 54. Ne5+ Kb7 55. Nc4 1/2-1/2

[Event "38. MIEDZYNARODOWY MEMORIAL LUDWIKA ZAMENHOFA 2019 - OPEN A"]
[Site "Bialystok"]
[Date "1899-12-30"]
[Round "7.10"]
[White "Walkusz, Witoslaw"]
[Black "Pietruszewski, Marcin"]
[Result "0-1"]
[WhiteTitle "FM"]
[BlackTitle "m"]
[WhiteElo "2089"]
[BlackElo "2213"]

1. e4 c5 2. Nf3 e6 3. d4 cxd4 4. Nxd4 a6 5. a3 Nf6 6. Nc3 Qc7 7. Be3 b5 8. Bd3
Bb7 9. O-O d6 10. f4 Nbd7 11. Kh1 g6 12. Qe2 Bg7 13. Rad1 O-O 14. Bxb5 e5 15.
fxe5 dxe5 16. Bxd7 exd4 17. Rxf6 Bxf6 18. Bxd4 Bxd4 19. Rxd4 Rad8 20. Qd2 Qe5
21. Ne2 Bxe4 22. c3 Bb7 23. h4 Kh8 24. Nf4 Qe7 25. Nh3 Kg7 26. h5 Qe5 27. h6+
Kh8 28. Ng5 Kg8 29. b4 Bc8 30. Bxc8 Rxc8 31. c4 Rfe8 32. c5 a5 33. Ne4 Ra8 34.
b5 f5 35. Nd6 Re7 36. c6 Qg3 37. Qa2+ Kf8 38. Rd1 Re1+ 39. Rxe1 Qxe1+ 40. Kh2
Qh4+ 41. Kg1 Qd4+ 42. Kh1 Qd1+ 43. Kh2 Qxd6+ 44. g3 Re8 45. Qb2 Re7 46. Qh8+ Kf7
47. Qxh7+ Kf6 48. Qh8+ Kg5 49. Qb2 Kxh6 50. Qc1+ Kh5 51. Qf4 Re2+ 52. Kh3 Qxf4
53. gxf4 Rc2 54. Kg3 a4 55. Kf3 Rc5 56. Ke3 Rxb5 57. Kd4 Rb1 0-1

[Event "38. MIEDZYNARODOWY MEMORIAL LUDWIKA ZAMENHOFA 2019 - OPEN A"]
[Site "Bialystok"]
[Date "1899-12-30"]
[Round "7.11"]
[White "Flak, Pawel"]
[Black "Luberanski, Jakub"]
[Result "0-1"]
[WhiteTitle "k+"]
[BlackTitle "I++"]
[WhiteElo "2180"]
[BlackElo "1963"]

1. d4 Nf6 2. c4 e6 3. Nf3 Bb4+ 4. Bd2 a5 5. g3 b6 6. Bg2 Bb7 7. O-O O-O 8. Bg5
Be7 9. Qc2 h6 10. Bxf6 Bxf6 11. e4 d6 12. e5 dxe5 13. dxe5 Be7 14. Ng5 hxg5 15.
Bxb7 Ra7 16. Rd1 Qe8 17. Bg2 c6 18. Nc3 Qc8 19. Ne4 Qc7 20. Nd6 Rd8 21. Qd2 Nd7
22. f4 gxf4 23. gxf4 Nc5 24. f5 exf5 25. Qf4 Ne6 26. Qxf5 Bxd6 27. exd6 Rxd6 28.
Qe4 c5 29. Rd5 Rxd5 30. cxd5 Nf4 31. Qe8+ Kh7 32. Be4+ g6 33. Rf1 Kg7 34. Bf3
Qd6 35. Re1 Rd7 36. Qa8 Re7 37. Rd1 Ne2+ 38. Kh1 Nd4 39. Bg2 Re5 40. Rf1 Rh5 41.
h3 Nf5 42. Re1 Ng3+ 43. Kg1 Re5 44. Rd1 Ne2+ 45. Kh1 Nd4 46. Rf1 Nf5 47. Rc1 Re2
48. Qc6 Qg3 49. d6 Re1+ 50. Rxe1 Qxe1+ 51. Kh2 Qg3+ 52. Kg1 Qxd6 53. Qxd6 Nxd6
54. a4 Kf6 55. Kf2 Ke5 56. b3 Kd4 57. Bc6 g5 58. Kg3 f5 59. Bd7 Ke3 60. Bc6 Ne4+
61. Kg2 f4 62. Bb5 Nd2 0-1

[Event "38. MIEDZYNARODOWY MEMORIAL LUDWIKA ZAMENHOFA 2019 - OPEN A"]
[Site "Bialystok"]
[Date "1899-12-30"]
[Round "7.12"]
[White "Strybuk, Artsiom I"]
[Black "Marcinczyk, Monika"]
[Result "1-0"]
[WhiteTitle "FM"]
[BlackTitle "WCM"]
[WhiteElo "2166"]
[BlackElo "2010"]

1. d4 d5 2. c4 e6 3. Nf3 a6 4. g3 dxc4 5. Bg2 b5 6. Ne5 c6 7. O-O Bb7 8. Nc3 Nf6
9. a4 Qb6 10. e4 Be7 11. d5 cxd5 12. exd5 exd5 13. Nxd5 Nxd5 14. Bxd5 O-O 15.
Be3 Qc7 16. Qf3 Bxd5 17. Qxd5 Bf6 18. Qxa8 Bxe5 19. axb5 axb5 20. Qa3 Nc6 21.
Qc5 Qb7 22. Rab1 Rc8 23. Rfd1 h6 24. Qd5 Bf6 25. Ra1 Rd8 26. Qe4 Rb8 27. Kg2 Bxb2
28. Ra7 Qc8 29. Rad7 Bf6 30. Bf4 Rb7 31. Rxb7 Qxb7 32. Qe8+ Kh7 33. Qe4+ Kg8 34.
Qe8+ Kh7 35. Rd7 Qa6 36. Rd6 Qa3 37. Qe4+ Kg8 38. Rxc6 1-0

[Event "38. MIEDZYNARODOWY MEMORIAL LUDWIKA ZAMENHOFA 2019 - OPEN A"]
[Site "Bialystok"]
[Date "1899-12-30"]
[Round "7.13"]
[White "Vardanyan, Aras"]
[Black "Eigminas, Kipras"]
[Result "1/2-1/2"]
[WhiteTitle "k"]
[BlackTitle "k"]
[WhiteElo "2026"]
[BlackElo "2127"]

1. e4 c5 2. Nf3 e6 3. d4 cxd4 4. Nxd4 a6 5. c4 Nf6 6. Nc3 Qc7 7. Be2 b6 8. O-O
Bb7 9. f3 Bd6 10. g3 Bxg3 11. hxg3 Qxg3+ 12. Kh1 Qh3+ 13. Kg1 Qg3+ 14. Kh1 1/2-1/2

[Event "38. MIEDZYNARODOWY MEMORIAL LUDWIKA ZAMENHOFA 2019 - OPEN A"]
[Site "Bialystok"]
[Date "1899-12-30"]
[Round "7.14"]
[White "Karolczuk, Iwo"]
[Black "Kiolbasa, Oliwia"]
[Result "1-0"]
[WhiteTitle "I++"]
[BlackTitle "WIM"]
[WhiteElo "1976"]
[BlackElo "2208"]

1. Nf3 Nf6 2. d4 c5 3. d5 b5 4. c4 g6 5. Qc2 d6 6. e4 Bg7 7. Nbd2 b4 8. Bd3 O-O
9. O-O Nbd7 10. Rb1 e5 11. dxe6 fxe6 12. e5 dxe5 13. b3 e4 14. Nxe4 Ng4 15. Ng3
Nde5 16. Be4 Rb8 17. Bb2 Nxf3+ 18. Bxf3 Ne5 19. Be4 Qh4 20. f3 Nd7 21. Bxg7 Kxg7
22. Rbd1 Nf6 23. Qd2 Qh6 24. Qd6 Qe3+ 25. Kh1 Bd7 26. Qc7 Kg8 27. Qxa7 Rbd8 28.
Qb6 Rb8 29. Qc7 Rbc8 30. Qe5 Rf7 31. Rfe1 Qh6 32. Bb7 Rcf8 33. Qxc5 Be8 34. Bc8
1-0

[Event "38. MIEDZYNARODOWY MEMORIAL LUDWIKA ZAMENHOFA 2019 - OPEN A"]
[Site "Bialystok"]
[Date "1899-12-30"]
[Round "7.15"]
[White "Paszkowski, Krystian"]
[Black "Pettersson, Alexander"]
[Result "0-1"]
[WhiteTitle "I+"]
[BlackTitle "k"]
[WhiteElo "1950"]
[BlackElo "2016"]

1. c4 Nf6 2. g3 e6 3. Nf3 d5 4. b3 Be7 5. Bg2 O-O 6. O-O b6 7. Bb2 Bb7 8. Ne5 Qc8
9. d4 dxc4 10. Nxc4 Bxg2 11. Kxg2 Qb7+ 12. f3 Rd8 13. Qc2 Nbd7 14. e4 c5 15. Nbd2
b5 16. Ne5 Rac8 17. Nxd7 Qxd7 18. d5 exd5 19. e5 Ne8 20. f4 f6 21. Rae1 d4 22.
Ne4 Qd5 23. Rf3 c4 24. bxc4 bxc4 25. exf6 Bxf6 26. Nxf6+ Nxf6 27. Re5 Qb7 28.
Ba3 Ng4 29. Re7 Ne3+ 30. Rexe3 dxe3 31. Bc1 Re8 32. Qe2 c3 33. f5 c2 34. Kg1 Qxf3
35. Qxf3 e2 36. Bd2 c1=Q+ 37. Bxc1 e1=Q+ 38. Kg2 Rxc1 39. Qb3+ Kh8 0-1

[Event "38. MIEDZYNARODOWY MEMORIAL LUDWIKA ZAMENHOFA 2019 - OPEN A"]
[Site "Bialystok"]
[Date "1899-12-30"]
[Round "7.16"]
[White "Zgadzaj, Rafal"]
[Black "Budrewicz, Krzysztof"]
[Result "1/2-1/2"]
[WhiteTitle "k"]
[BlackTitle "m"]
[WhiteElo "2092"]
[BlackElo "2275"]

1. d3 e5 2. c4 f5 3. Nc3 Nf6 4. g3 Bc5 5. Bg2 O-O 6. e3 Nc6 7. Nge2 d6 8. b3 e4
9. O-O Qe8 10. dxe4 fxe4 11. Nxe4 Nxe4 12. Qd5+ Kh8 13. Qxe4 Ne5 14. Bb2 Bf5 15.
Qxb7 Rb8 16. Qd5 c6 17. Qd2 Bg4 18. Bxe5 dxe5 19. Nc3 Qh5 20. Ne4 Bb4 21. Qb2
Be2 22. Rfc1 Bf3 23. Bxf3 Qxf3 24. Qc2 Rf5 25. Rf1 Rbf8 26. Rad1 h5 27. h4 Be7
28. Rd7 Bxh4 29. gxh4 Qg4+ 30. Ng3 Rxf2 31. Rxf2 Qxg3+ 32. Rg2 Qe1+ 33. Kh2 Qxh4+
34. Kg1 1/2-1/2

[Event "38. MIEDZYNARODOWY MEMORIAL LUDWIKA ZAMENHOFA 2019 - OPEN A"]
[Site "Bialystok"]
[Date "1899-12-30"]
[Round "7.17"]
[White "Kumala, Aleksander"]
[Black "Szydlo, Michal"]
[Result "1-0"]
[WhiteTitle "CM"]
[BlackTitle "I+"]
[WhiteElo "2218"]
[BlackElo "1957"]

1. d4 Nf6 2. Bg5 Ne4 3. h4 c5 4. d5 d6 5. Nd2 Nxg5 6. hxg5 g6 7. c3 Bg7 8. Ngf3
Nd7 9. e4 a6 10. a4 b6 11. Bd3 O-O 12. Qe2 Bb7 13. Qe3 Re8 14. Qf4 Nf8 15. O-O
Qc7 16. Rfe1 Rad8 17. Nh2 Nd7 18. Re3 Bc8 19. Ng4 Ne5 20. Nxe5 Bxe5 21. Qh4 h5
22. gxh6 Kh7 23. f4 Bh8 24. Nf3 Bf6 25. Ng5+ Bxg5 26. fxg5 c4 27. Qf2 f5 28. Bc2
f4 29. Rf3 e5 30. dxe6 Bxe6 31. Rxf4 Qc5 32. Qxc5 bxc5 33. Rf6 Re7 34. Rd1 1-0

[Event "38. MIEDZYNARODOWY MEMORIAL LUDWIKA ZAMENHOFA 2019 - OPEN A"]
[Site "Bialystok"]
[Date "1899-12-30"]
[Round "7.18"]
[White "Zaura, Vidmantas"]
[Black "Klimaszewski, Dariusz"]
[Result "1/2-1/2"]
[WhiteTitle "k"]
[BlackTitle "CM"]
[WhiteElo "2141"]
[BlackElo "2084"]

1. Nf3 Nf6 2. g3 g6 3. Bg2 Bg7 4. c4 O-O 5. O-O c5 6. Nc3 Nc6 7. d4 cxd4 8. Nxd4
Nxd4 9. Qxd4 d6 10. Qd3 a6 11. Be3 Rb8 12. Bd4 Bd7 13. h3 Bc6 14. e4 Nd7 15. Bxg7
Kxg7 16. Qd4+ Kg8 17. Rfe1 b5 18. cxb5 Bxb5 19. Nxb5 Rxb5 20. b4 Qb8 21. a3 a5
22. Bf1 Rb7 23. bxa5 Nc5 24. a6 Rb6 25. Qe3 Nxa6 26. e5 dxe5 1/2-1/2

[Event "38. MIEDZYNARODOWY MEMORIAL LUDWIKA ZAMENHOFA 2019 - OPEN A"]
[Site "Bialystok"]
[Date "1899-12-30"]
[Round "8.1"]
[White "Heberla, Bartlomiej"]
[Black "Janik, Igor"]
[Result "1/2-1/2"]
[WhiteTitle "GM"]
[BlackTitle "IM"]
[WhiteElo "2565"]
[BlackElo "2466"]

1. e4 e5 2. Nf3 Nc6 3. Bb5 a6 4. Ba4 Nf6 5. d3 b5 6. Bb3 Bc5 7. Nc3 O-O 8. Nd5
h6 9. c3 Rb8 10. d4 exd4 11. cxd4 Nxd5 12. dxc5 Nf6 13. e5 Qe7 14. Bf4 Nh5 15.
Be3 Nxe5 16. O-O Nf6 17. Re1 d6 18. cxd6 cxd6 19. Nxe5 dxe5 20. Bf4 Nd7 21. Qh5
Rb6 22. Bxe5 Nxe5 23. Rxe5 Be6 24. Rae1 Qf6 25. Bxe6 Rxe6 26. Rxe6 fxe6 27. Qe2
Kh8 28. Rc1 Rd8 29. g3 Rd6 30. Rc8+ Kh7 31. Qe4+ Qf5 32. Qc2 Kg6 33. Kg2 Qxc2
34. Rxc2 Kf6 35. h4 Rd3 36. Kf1 g5 37. hxg5+ hxg5 38. Ke2 Rd5 39. Rc3 Ke5 1/2-1/2

[Event "38. MIEDZYNARODOWY MEMORIAL LUDWIKA ZAMENHOFA 2019 - OPEN A"]
[Site "Bialystok"]
[Date "1899-12-30"]
[Round "8.2"]
[White "Kanarek, Marcel"]
[Black "Baum, Jonasz"]
[Result "0-1"]
[WhiteTitle "GM"]
[BlackTitle "FM"]
[WhiteElo "2478"]
[BlackElo "2340"]

1. Nf3 Nf6 2. c4 e6 3. g3 b6 4. Bg2 Bb7 5. O-O Be7 6. Nc3 O-O 7. Re1 d5 8. cxd5
exd5 9. d4 Nbd7 10. Bf4 c6 11. Nd2 Nh5 12. e3 Nxf4 13. exf4 Bd6 14. Nf3 Re8 15.
Qd3 Nf8 16. h4 f6 17. h5 Qd7 18. Nh4 Rxe1+ 19. Rxe1 Re8 20. Rc1 Ne6 21. a3 Qf7
22. Bf3 Nc7 23. Kg2 Ba6 24. Qc2 Ne6 25. Qd2 Bc4 26. Nf5 Bf8 27. Ne3 Ba6 28. b4
Bb7 29. Rb1 Ba8 30. Qd3 Kh8 31. Ne2 Nc7 32. Bg4 Nb5 33. Bf5 Qg8 34. Ng1 Nxd4 35.
Bg6 hxg6 36. hxg6 Qe6 37. Qxd4 c5 38. Qd1 Qe4+ 39. Nf3 Qxg6 40. Nxd5 Rd8 41. Qh1+
Kg8 42. Nc7 Be4 43. Re1 Rd3 44. Re3 Rxe3 45. fxe3 Qf7 46. Nb5 Qa2+ 47. Kh3 Qe2
0-1

[Event "38. MIEDZYNARODOWY MEMORIAL LUDWIKA ZAMENHOFA 2019 - OPEN A"]
[Site "Bialystok"]
[Date "1899-12-30"]
[Round "8.3"]
[White "Markowski, Tomasz"]
[Black "Jakubowski, Krzysztof"]
[Result "1-0"]
[WhiteTitle "GM"]
[BlackTitle "GM"]
[WhiteElo "2546"]
[BlackElo "2503"]

1. c4 e6 2. g3 d5 3. Bg2 Nf6 4. Nf3 dxc4 5. Qa4+ Bd7 6. Qxc4 c5 7. O-O Bc6 8. b3
Nbd7 9. Bb2 Be7 10. d3 O-O 11. Nbd2 b5 12. Qc2 Qb6 13. Rfc1 Rfc8 14. a3 h6 15.
Rab1 Bb7 16. Qd1 Qd8 17. Qf1 Bd6 18. Rc2 Qe7 19. Rbc1 Rd8 20. d4 Ne4 21. e3 a6
22. dxc5 Ndxc5 23. Bd4 Nd7 24. b4 e5 25. Bb2 Nb6 26. Nb3 Bd5 27. Na5 Qe8 28. Nd2
Nxd2 29. Rxd2 e4 30. Qd1 Bf8 31. h4 f5 32. Bf1 Bf7 33. Bd4 Nd7 34. Bh3 Be6 35.
Rc6 Rdc8 36. Rdc2 Rd8 37. Qa1 Qf7 38. Rc1 Re8 39. Nb7 g5 40. hxg5 hxg5 41. Nd6
Bxd6 42. Rxd6 f4 43. Bg2 f3 44. Bf1 Re7 45. Rcc6 Nf8 46. Bf6 Ree8 47. Qe5 g4 48.
Qg5+ Kh7 49. Rc5 Qg6 50. Qh4+ Kg8 51. Rg5 Kf7 52. Rxg6 Nxg6 53. Qg5 1-0

[Event "38. MIEDZYNARODOWY MEMORIAL LUDWIKA ZAMENHOFA 2019 - OPEN A"]
[Site "Bialystok"]
[Date "1899-12-30"]
[Round "8.4"]
[White "Szostko, Jakub"]
[Black "Teclaf, Pawel"]
[Result "1/2-1/2"]
[WhiteTitle "FM"]
[BlackTitle "IM"]
[WhiteElo "2217"]
[BlackElo "2426"]

1. e4 c5 2. Nf3 e6 3. d4 cxd4 4. Nxd4 a6 5. g3 d5 6. Bg2 dxe4 7. Bxe4 e5 8. Nb3
Qxd1+ 9. Kxd1 Nf6 10. Bg2 Nc6 11. Be3 Bf5 12. a3 O-O-O 13. Kc1 Kc7 14. Nc3 Nd4
15. Bxd4 exd4 16. Ne2 d3 17. Ned4 Be4 18. f3 Bd5 19. cxd3 Bxb3 1/2-1/2

[Event "38. MIEDZYNARODOWY MEMORIAL LUDWIKA ZAMENHOFA 2019 - OPEN A"]
[Site "Bialystok"]
[Date "1899-12-30"]
[Round "8.5"]
[White "Kosakowski, Jakub"]
[Black "Cukrowski, Filip"]
[Result "1/2-1/2"]
[WhiteTitle "FM"]
[BlackTitle "FM"]
[WhiteElo "2403"]
[BlackElo "2419"]

1. e4 c5 2. Nf3 d6 3. d4 cxd4 4. Nxd4 Nf6 5. Nc3 a6 6. a3 e5 7. Nf5 d5 8. Bg5 d4
9. Bxf6 gxf6 10. Nb1 Bxf5 11. exf5 Qd5 12. Qd3 e4 13. Nc3 Qxf5 14. Qxd4 Nc6 15.
Qxe4+ Qxe4+ 16. Nxe4 O-O-O 17. Bd3 f5 18. Ng5 Rg8 19. Nf3 Rxg2 20. Kf1 Rg7 21.
Bxf5+ Kc7 22. Rg1 Rxg1+ 23. Kxg1 Nd4 24. Nxd4 Rxd4 25. Bxh7 Rh4 26. Bf5 Rh5 27.
Be4 Bd6 28. Rd1 Bxh2+ 29. Kg2 Be5 30. c3 b6 31. Rd3 Rh2+ 32. Kf1 Rh4 33. Bd5 f6
34. Ke2 Bd6 35. Rf3 Be5 36. Rd3 Bd6 37. b4 a5 38. Kd2 axb4 39. axb4 Be5 40. Kc2
Rh2 41. Rf3 Kd6 42. Bc4 Kc6 43. Kb3 b5 44. Bf7 Kb6 45. Be8 Rh8 46. Bd7 Rh2 47.
Kc2 Rh7 48. Bh3 Rh4 49. Rd3 Rf4 50. f3 Rh4 51. Bf5 Rh2+ 52. Kb3 Bf4 53. Rd5 Rh5
54. c4 bxc4+ 55. Kxc4 Bc7 56. Rb5+ Ka7 57. Rc5 Bd6 58. Rd5 Kb8 59. Rxd6 Rxf5 60.
Rd3 Kc7 61. Rb3 Kd6 62. Kd4 Kc6 63. Ke4 Re5+ 64. Kf4 Rb5 65. Rd3 Kc7 66. Rd4 Kc6
67. Kg4 Rg5+ 68. Kh4 Rf5 69. f4 Rb5 70. Kg4 Kc7 71. f5 Kc6 72. Rd8 Kc7 73. Rd1
Kc6 74. Rd4 Kc7 75. Re4 Kd7 76. Re6 Kd8 77. Re2 Kd7 78. Rd2+ Kc6 79. Rf2 Kd6 80.
Kh5 Ke7 81. Rf4 Kf7 82. Kg4 Kg7 83. Rc4 Kh6 84. Rd4 Rb8 85. Rf4 Rb5 86. Kh4 Rb8
87. Rg4 Kh7 88. Kh5 Rb5 89. Rf4 Kg7 90. Kg4 Kh6 91. Rc4 Rb8 92. Kf4 Rb6 93. Re4
Rb8 94. Kg4 Rb6 95. Kh4 Rb5 96. Rf4 Kg7 97. Kh5 Kh7 98. Rh4 Kg7 99. Rg4+ 1/2-1/2

[Event "38. MIEDZYNARODOWY MEMORIAL LUDWIKA ZAMENHOFA 2019 - OPEN A"]
[Site "Bialystok"]
[Date "1899-12-30"]
[Round "8.6"]
[White "Leniart, Arkadiusz"]
[Black "Strybuk, Artsiom I"]
[Result "0-1"]
[WhiteTitle "IM"]
[BlackTitle "FM"]
[WhiteElo "2508"]
[BlackElo "2166"]

1. d4 d5 2. c4 e6 3. Nf3 Nf6 4. g3 Bb4+ 5. Bd2 Be7 6. Bg2 O-O 7. O-O c6 8. Qc2
Nbd7 9. b3 b6 10. Nc3 Ba6 11. Rfe1 Rc8 12. e4 dxc4 13. e5 Nd5 14. bxc4 Bxc4 15.
Ne4 b5 16. Neg5 g6 17. Qe4 Re8 18. Qh4 Nf8 19. Qh6 Bd3 20. Rad1 c5 21. dxc5 Bxc5
22. Be3 Bc2 23. Bxc5 Rxc5 24. Rd4 Rc4 25. Rd2 Qa5 26. Ree2 Bb1 27. h3 Ne7 28.
g4 Qb4 29. Kh2 Rc1 30. Rd4 Rc4 31. Red2 Qc3 32. Rd7 Rc7 33. Rd8 Rc8 34. R8d4 Rc4
35. Rd7 Rc7 36. Rd8 Rc8 37. Rxc8 Qxc8 38. Rd4 Qc1 39. Kg3 Nd5 40. Nxf7 Qxh6 41.
Nxh6+ Kg7 42. g5 Bxa2 43. Nd2 a5 44. Ng4 b4 45. Nf6 Rb8 46. f4 a4 47. Kf2 a3 48.
h4 Ne7 49. Rd6 Bd5 50. Bxd5 Nxd5 51. Nxd5 exd5 52. Nb3 Rc8 53. Rxd5 Rc2+ 54. Ke1
Rc3 55. Na5 a2 56. Rd1 b3 0-1

[Event "38. MIEDZYNARODOWY MEMORIAL LUDWIKA ZAMENHOFA 2019 - OPEN A"]
[Site "Bialystok"]
[Date "1899-12-30"]
[Round "8.7"]
[White "Chojnacki, Krzysztof"]
[Black "Godzwon, Iwo"]
[Result "1/2-1/2"]
[WhiteTitle "IM"]
[BlackTitle "FM"]
[WhiteElo "2375"]
[BlackElo "2275"]

1. d4 Nf6 2. c4 e6 3. Nc3 Bb4 4. f3 c5 5. d5 O-O 6. e4 Re8 7. Nh3 d6 8. Nf4 Bxc3+
9. bxc3 e5 10. Ne2 Nh5 11. g4 Qh4+ 12. Kd2 Nf4 13. Nxf4 exf4 14. Kc2 g5 15. Bd2
Re5 16. Be2 f6 17. Qf1 Bd7 18. Rb1 1/2-1/2

[Event "38. MIEDZYNARODOWY MEMORIAL LUDWIKA ZAMENHOFA 2019 - OPEN A"]
[Site "Bialystok"]
[Date "1899-12-30"]
[Round "8.8"]
[White "Pietruszewski, Marcin"]
[Black "Sieciechowicz, Marcin"]
[Result "1/2-1/2"]
[WhiteTitle "m"]
[BlackTitle "IM"]
[WhiteElo "2213"]
[BlackElo "2366"]

1. e4 e6 2. d4 d5 3. Nd2 Nf6 4. e5 Nfd7 5. f4 c5 6. c3 Nc6 7. Ndf3 cxd4 8. cxd4
Bb4+ 9. Bd2 Qb6 10. Bxb4 Qxb4+ 11. Qd2 Ke7 12. Rc1 Qxd2+ 13. Kxd2 Nb6 14. b3 Bd7
15. Bd3 a5 16. a3 a4 17. b4 Na7 18. Rc5 Rhc8 19. Ne2 Bc6 20. Rhc1 Rd8 21. Ke3
h6 22. g4 Nc4+ 23. Bxc4 dxc4 24. Nd2 b5 25. Nc3 f6 26. Nde4 fxe5 27. fxe5 Rf8
28. d5 exd5 29. Nxd5+ Bxd5 30. Rxd5 Rad8 31. Rcd1 Rxd5 32. Rxd5 Ke6 33. Rc5 Rc8
34. Kd4 Nc6+ 35. Kc3 Na7 36. Kd4 Rxc5 37. Nxc5+ Ke7 38. Ne4 Ke6 39. Nc5+ Ke7 40.
Ne4 Ke6 41. Nc5+ 1/2-1/2

[Event "38. MIEDZYNARODOWY MEMORIAL LUDWIKA ZAMENHOFA 2019 - OPEN A"]
[Site "Bialystok"]
[Date "1899-12-30"]
[Round "8.9"]
[White "Luberanski, Jakub"]
[Black "Reza, Wojciech"]
[Result "1/2-1/2"]
[WhiteTitle "I++"]
[BlackTitle "FM"]
[WhiteElo "1963"]
[BlackElo "2308"]

1. d4 Nf6 2. c4 c5 3. d5 g6 4. Nc3 Bg7 5. e4 d6 6. Nf3 O-O 7. Be2 Na6 8. O-O Nc7
9. h3 Rb8 10. Bf4 Nh5 11. Bh2 Bh6 12. Ne1 Nf4 13. a4 a6 14. a5 e6 15. Nd3 Nxe2+
16. Qxe2 exd5 17. cxd5 Re8 18. Qf3 c4 19. Nf4 Nb5 20. Nfe2 Bg7 21. Qg3 Bf8 22.
f4 Bg7 23. f5 Nxc3 24. Nxc3 Be5 25. Qf3 Bxh2+ 26. Kxh2 Qe7 27. Rf2 Bd7 28. fxg6
fxg6 29. Qf6 Rbd8 30. Raf1 Qe5+ 31. Qxe5 dxe5 32. Rf6 Rf8 33. R1f3 Rc8 34. Rb6
Rc7 35. d6 Rc6 36. Rxb7 Rxf3 37. gxf3 Rxd6 38. Nd5 Kf8 39. Rb6 Rc6 40. Kg3 h6
41. Nb4 Rxb6 42. axb6 Bc8 43. Nc6 Ke8 44. Nxe5 c3 45. bxc3 a5 46. Nc4 a4 47. Kf2
Kd7 48. Ke3 Kc6 49. h4 Kc5 50. Na3 g5 51. hxg5 hxg5 52. Kd3 Ba6+ 53. Ke3 Bc8 54.
Kd3 Ba6+ 55. c4 Kxb6 56. Kd4 Kc6 57. Nc2 Bc8 58. Kc3 Kc5 59. Nb4 g4 60. Nd3+ Kd6
61. fxg4 Bxg4 62. c5+ Ke6 63. Kb4 Bd1 64. e5 Kd5 65. Ka3 Bb3 66. Nc1 Kxc5 67.
Nxb3+ axb3 68. Kxb3 Kd5 69. Kc3 Kxe5 1/2-1/2

[Event "38. MIEDZYNARODOWY MEMORIAL LUDWIKA ZAMENHOFA 2019 - OPEN A"]
[Site "Bialystok"]
[Date "1899-12-30"]
[Round "8.10"]
[White "Tihonov, Jurij"]
[Black "Vardanyan, Aras"]
[Result "0-1"]
[WhiteTitle "GM"]
[BlackTitle "k"]
[WhiteElo "2394"]
[BlackElo "2026"]

1. c4 Nf6 2. Nc3 g6 3. d4 Bg7 4. Nf3 O-O 5. Bg5 h6 6. Bh4 d6 7. e3 c5 8. d5 g5
9. Bg3 Nh5 10. Bd3 f5 11. Nd2 Qe8 12. Qc2 Na6 13. a3 Nc7 14. f4 e5 15. dxe6 Nxe6
16. O-O gxf4 17. Bf2 fxe3 18. Bxe3 Nd4 19. Bxd4 Bxd4+ 20. Rf2 Qe3 21. Nf1 Qxf2+
22. Qxf2 Bxf2+ 23. Kxf2 Bd7 24. Rd1 Bc6 25. Be2 Nf4 26. Rxd6 Kg7 27. Ne3 Rf6 28.
Rd2 Re8 29. Bf3 Be4 30. Kg3 Ng6 31. Bxe4 f4+ 32. Kf2 fxe3+ 33. Kxe3 Ne5 34. Ke2
Nxc4 35. Rd7+ Rf7 36. Rxf7+ Kxf7 37. Kd3 Nd6 0-1

[Event "38. MIEDZYNARODOWY MEMORIAL LUDWIKA ZAMENHOFA 2019 - OPEN A"]
[Site "Bialystok"]
[Date "1899-12-30"]
[Round "8.11"]
[White "Pettersson, Alexander"]
[Black "Eigminas, Kipras"]
[Result "0-1"]
[WhiteTitle "k"]
[BlackTitle "k"]
[WhiteElo "2016"]
[BlackElo "2127"]

1. d4 Nf6 2. c4 c5 3. d5 g6 4. Nc3 Bg7 5. e4 O-O 6. Bd3 d6 7. Nge2 e6 8. O-O Na6
9. Ng3 Nc7 10. a4 Na6 11. Re1 Nb4 12. Bf1 e5 13. Bg5 h6 14. Bd2 Nh7 15. f4 h5
16. f5 h4 17. fxg6 fxg6 18. Nh1 h3 19. gxh3 Qh4 20. Na2 a5 21. Nxb4 axb4 22. Ng3
Bh6 23. Bg2 Bxd2 24. Qxd2 Ng5 25. Rf1 Bxh3 26. Rxf8+ Rxf8 27. Rf1 Rxf1+ 28. Nxf1
Qg4 29. Ng3 Bxg2 30. Qxg2 Qd1+ 31. Nf1 Qd4+ 32. Kh1 Qxe4 33. Nd2 Qf4 34. Kg1 Kg7
35. h3 e4 36. Kh1 b6 37. Nf1 e3 38. b3 Ne4 39. Kg1 Kf6 40. Qe2 Qf2+ 41. Qxf2+
exf2+ 42. Kg2 Ke5 43. Ne3 Kd4 0-1